PROPERTIES OF ELEMENTAL AND COMPOUND SEMICONDUCTORS (Record no. 568583)
[ view plain ]
| 000 -LEADER | |
|---|---|
| fixed length control field | 00264nam a22001097a 4500 |
| 082 ## - DEWEY DECIMAL CLASSIFICATION NUMBER | |
| Classification number | 669 PRO'G |
| 100 ## - MAIN ENTRY--PERSONAL NAME | |
| Personal name | GATOS, HARRY C |
| 9 (RLIN) | 58383 |
| 245 ## - TITLE STATEMENT | |
| Title | PROPERTIES OF ELEMENTAL AND COMPOUND SEMICONDUCTORS |
| 250 ## - EDITION STATEMENT | |
| Edition statement | VOL-5 |
| 260 ## - PUBLICATION, DISTRIBUTION, ETC. | |
| Place of publication, distribution, etc. | NEWYORK |
| Name of publisher, distributor, etc. | IP |
| Date of publication, distribution, etc. | 1960 |
| 942 ## - ADDED ENTRY ELEMENTS (KOHA) | |
| Koha item type | Book |
| Withdrawn status | Lost status | Damaged status | Not for loan | Permanent Location | Current Location | Shelving location | Date acquired | Total Checkouts | Full call number | Barcode | Date last seen | Price effective from | Koha item type |
|---|---|---|---|---|---|---|---|---|---|---|---|---|---|
| College of Electrical & Mechanical Engineering (CEME) | College of Electrical & Mechanical Engineering (CEME) | General Stacks | 07/17/2017 | 669 PRO'G | CEME-3096 | 06/28/2021 | 06/28/2021 | Book |
